| 000 | 01157nam a2200241Ia 4500 | ||
|---|---|---|---|
| 999 |
_c45445 _d45445 |
||
| 001 | 12269 | ||
| 003 | GE_BSU | ||
| 005 | 20230331135653.0 | ||
| 008 | 181216s2013||||ge |||||||||||||| ||geo|| | ||
| 020 | _a9789941062254 | ||
| 040 | _cGE_BSU | ||
| 041 | _ageo | ||
| 080 | _a821.353.1-4+94(479.22:479.224) ს-37 | ||
| 100 |
_aსაჯაია, სერგი(გიორგი). _96123 |
||
| 245 |
_aრაგადობები უხვალდღეობის დღესასწაულიდან : _bიამბე / _cსერგი (გიორგი) საჯაია ; რედ. ქეთევან ხორგუაშვილი. |
||
| 264 |
_aთბილისი, _c2013. |
||
| 300 |
_a110 გვ. ; _b20სმ. |
||
| 504 | _aდანართი: გვ. 97-108. | ||
| 653 | _aსაქართველო-აფხაზეთის ურთიერთობების ისტორია | ||
| 653 | _aქართულ-აფხაზური კონფლიქტი | ||
| 700 |
_a ხორგუაშვილი, ქეთევან _eრედაქტორი _917405 |
||
| 942 |
_cBK _2udc |
||